000 00681nam a2200145 a 4500
008 120416s0000 ||||||||||||||||| || u
020 _a8171693261
050 _aZ 678 Man
100 _aGoswami, Inder Mohan
245 1 0 _aManagement of library administration
_cedited by Inder Mohan Goswami
260 _aNew Delhi
_bCommonwealth Publishers
_c1997
350 _a0.00
995 _aANNEX COLLECTION (Main Library)
_D0.00
_e732533
_FCBU-MAIN LIBRARY (Kitwe)
_H1
_I25.95
_jZ 678 Man
_M1
_UAVAILABLE
_y029929
_ZAnnex Low-Usage Collection
995 _aMAIN LIBRARY OPEN ACCESS
_D0.00
_e732535
_FCBU-MAIN LIBRARY (Kitwe)
_H2
_I25.95
_jZ 678 Man
_M2
_UAVAILABLE
_y029944
_ZMain Library Open Access Collection
999 _c82460
_d82460